| 000 | nam a22 a 4500 | ||
|---|---|---|---|
| 999 |
_c731 _d731 |
||
| 003 | AKMAL | ||
| 005 | 20170505085731.0 | ||
| 008 | 170505s1988 my g 000 0 may d | ||
| 020 | _a9839581074 | ||
| 020 | _a9839581082 | ||
| 020 | _a9839581090 | ||
| 020 | _a9839581104 | ||
| 020 | _a9839581112 | ||
| 020 | _a9839581120 | ||
| 020 | _a9839581147J2 | ||
| 020 | _a983958118XJ6 | ||
| 040 | _aAKMAL | ||
| 082 | 0 | 4 | _a297.1 GHA |
| 090 |
_a297.1 _bGHA |
||
| 100 | 1 |
_aGhazzali, _d1058-1111 _91520 |
|
| 245 | 1 | 0 |
_aIhya Ulumiddin / _coleh Imam Ghazali ; terjemahan, Tk.H. Ismail Yakub |
| 250 | _aEd. Malaysia | ||
| 260 |
_aKuala Lumpur : _bVictory Ajencie, _c1988 |
||
| 300 | 0 | 0 |
_a8 jil. ; _c22cm |
| 500 | _aTerjemahan dari = Ihya-Ulamuddin. Indonesia: Penerbit Asli, 1964 | ||
| 505 | 0 | _aMengandungi ayat-ayat dari Quran | |
| 650 | 1 | 0 |
_aReligious life _xIslam _9819 |
| 650 | 2 | 0 |
_aIslam _xCustoms and practices _91330 |
| 700 | 1 |
_aYakup, Ismail, _cTengku Haji, _d1903- _91570 |
|
| 942 |
_2ddc _cBOOK |
||